000 00433nam a22001575i 4500
001 48586
003 ES-MaACL
007 t|
008 950725s1892 fr ||||1| fre d
040 _aCAM
_bspa
_cCAM
100 1 _aDesjardins, Paul.
_943886
245 1 3 _aLe devoir présent /
_cPaul Desjardins.
260 _aParis :
_bArmand Colin et Cie,
_c1892 (
_fLahure)
300 _a[4], 82, 2 p. ;
_c16 cm.
852 _aES-MaACL
_jT-756-F-3
999 _c48586
_d48586